| 000 | 01146nam a2200337 a 4500 | ||
|---|---|---|---|
| 999 |
_c7496 _d7496 |
||
| 003 | OSt | ||
| 005 | 20211203123042.0 | ||
| 008 | 060602s2005 spc|||||| 001 ||spa | ||
| 015 |
_aLL2006 _2bnc |
||
| 017 |
_aDL B. 10376-2021 _bBiblioteca de Catalunya |
||
| 020 | _a9788433926241 | ||
| 040 |
_aCDMR _c0 _bcat |
||
| 100 | 1 |
_aAnderson, Jon Lee _92868 |
|
| 245 | 1 | 3 |
_aLa Caída de Bagdad / _cJon Lee Anderson ; prólogo de Carol Pires ; traducción de Jaime Zulaika |
| 250 |
_a2a _bedició |
||
| 260 |
_aBarcelona : _bAnagrama, _c2021 |
||
| 300 |
_a553 pàgines ; _c22 cm |
||
| 490 | 1 |
_aCrónicas Anagrama ; _v69 |
|
| 504 | _aÍndex | ||
| 546 | _aTraducció de: The Fall of Baghdad | ||
| 600 | 1 | 7 |
_aHussein, Saddam, _2lemac |
| 650 | 0 |
_aGuerra d'Iraq, 2003-2011 _2lemac _93582 _xRelats personals |
|
| 651 | 7 |
_aIraq _xPolítica i govern _y1991-2003 _2lemac |
|
| 700 |
_aPires, Carol _94756 |
||
| 830 | 0 |
_aCrónicas Anagrama ; _v69 |
|
| 907 |
_a.b3382843x _b15-02-21 _c09-05-08 _d07-05-08 _em _fa _g- _hspa _isp _j3 _k4 |
||
| 908 |
_aBAB _aBC _aUAB _aUdG _aCCCB |
||
| 940 | _aBC | ||
| 942 |
_2udc _cMON |
||
| 949 |
_a1002002733 _bINT 0138 _c1 _d7 _f09.09.09 _kCCCB |
||